000 00555cam a2200169 a 4500
001 000006431
005 20200929153930.0
008 741104s1973 pr 001 f spa
040 _aDO-SdBNP
_bspa
_cBNPHU
082 _aPR863.44
_bP171a
100 1 _aPalma, Marigloria.
_917854
245 1 0 _aAmy Kootsky :
_b(novela) /
_cMarigloria Palma.
260 _aRío Piedras, Puerto Rico :
_bEdil,
_eBarcelona :
_fArtes Gráficas Medinaceli,
_c1973.
300 _a353 p. ;
_c18 cm.
650 4 _aNovela puertorriqueña
_91185
650 4 _aLiteratura puertorriqueña
_9250
999 _c6226
_d6226